Figuras de la causalidad en la Edad Media y en el Renacimiento / (Record no. 153366)
[ view plain ]
| 000 -LEADER | |
|---|---|
| fixed length control field | 00759nam a22002057a 4500 |
| 005 - DATE AND TIME OF LATEST TRANSACTION | |
| control field | 20230710104627.0 |
| 008 - FIXED-LENGTH DATA ELEMENTS--GENERAL INFORMATION | |
| fixed length control field | 191209b xxu ||||| |||| 00| 0 eng d |
| 020 ## - INTERNATIONAL STANDARD BOOK NUMBER | |
| International Standard Book Number | 9788431331818 |
| 050 04 - LIBRARY OF CONGRESS CALL NUMBER | |
| Classification number | BD535 |
| Item number | F54 2017 |
| 245 ## - TITLE STATEMENT | |
| Title | Figuras de la causalidad en la Edad Media y en el Renacimiento / |
| Statement of responsibility, etc | Laura Corso de Estrada, Ma. Jesús Soto-Bruna, Concepción Alonso del Real, (eds.) |
| 250 ## - EDITION STATEMENT | |
| Edition statement | 1a ed. |
| 260 ## - PUBLICATION, DISTRIBUTION, ETC. (IMPRINT) | |
| Place of publication, distribution, etc | Pamplona : |
| Name of publisher, distributor, etc | EUNSA, Ediciones Universidad de Navarra, |
| Date of publication, distribution, etc | 2017 |
| 300 ## - PHYSICAL DESCRIPTION | |
| Extent | 435 p. ; |
| Dimensions | 24 cm. |
| 490 ## - SERIES STATEMENT | |
| Series statement | Colección de pensamiento medieval y renacentista ; |
| Volume number/sequential designation | 182 |
| 650 ## - SUBJECT ADDED ENTRY--TOPICAL TERM | |
| Topical term or geographic name as entry element | Causalidad |
| 700 ## - ADDED ENTRY--PERSONAL NAME | |
| Personal name | Corso de Estrada, Laura |
| Relator term | ed. |
| 700 ## - ADDED ENTRY--PERSONAL NAME | |
| Personal name | Soto-Bruna, Ma. Jesús |
| Relator term | ed. |
| 700 ## - ADDED ENTRY--PERSONAL NAME | |
| Personal name | Alonso, Concepción |
| Relator term | ed. |
| 942 ## - ADDED ENTRY ELEMENTS (KOHA) | |
| Source of classification or shelving scheme | Biblioteca del Cogreso de los Estados Unidos |
| Koha item type | Libro |
| Estado de pérdida | Fuente de clasificación | Estado del daño | No para préstamo | Ubicación permanente | Ubicación actual | Apartado o colección | Fecha de adquisición | Edición | Área del conocimiento | Clasificación | Código de Barras | Date last seen | Número de copia | Costo por reposición | Tipo de recurso |
|---|---|---|---|---|---|---|---|---|---|---|---|---|---|---|---|
| Biblioteca del Cogreso de los Estados Unidos | Biblioteca de la Facultad de Filosofía | Biblioteca de la Facultad de Filosofía | General | 09/12/2019 | 1a ed. | Educación y Humanidades | BD535 F54 2017 | BFF000034047 | 09/12/2019 | C.1 | 1.00 | Libro |